书目信息 |
| 题名: |
游戏编程中的数理应用
|
|
| 作者: | 斯塔勒 著 ;冯宝坤 , 曹英 译 | |
| 分册: | ||
| 出版信息: | 北京 红旗出版社 2005 |
|
| 页数: | 269页 | |
| 开本: | 26cm | |
| 丛书名: | 游戏开发与编程系列 | |
| 单 册: | ||
| 中图分类: | TP311.11 | |
| 科图分类: | ||
| 主题词: | 高等数学--应用--游戏--软件设计 , 高等数学 , 游戏 , 物理学--应用--游戏--软件设计 , 软件设计 | |
| 电子资源: | ||
| ISBN: | 7-5051-1039-X | |
| 000 | 01384oam2 2200349 450 | |
| 001 | 002855230 | |
| 005 | 20061101083143.14 | |
| 010 | @a7-5051-1039-X@dCNY45.00 | |
| 100 | @a20050427d2005 em y0chiy0110 ea | |
| 101 | 1 | @achi@ceng |
| 102 | @aCN@b110000 | |
| 105 | @ay z 000yy | |
| 200 | 1 | @a游戏编程中的数理应用@9you xi bian cheng zhong de shu li ying yong@f(美)Wendy Stahler著@g冯宝坤,曹英译 |
| 210 | @a北京@c红旗出版社@c北京希望电子出版社@d2005 | |
| 215 | @a269页@d26cm@e光盘1片 | |
| 225 | 2 | @a游戏开发与编程系列 |
| 305 | @a版权归New Riders所有 | |
| 307 | @a附光盘:ISBN 7-89498-320-9 | |
| 330 | @a本书从高等数学和物理知识着手,讲述了2D图形在迪卡尔坐标中的构形与计算,同时涉及一些3D图形图像及其处理方面的知识。对于物理知识部分,主要讲述力与物体运动的关系,速度、加速度、牛顿三定律、动量、冲量和能量守恒定律,以及这些知识在三维空间游戏建模中的应用。 | |
| 461 | 0 | @12001 @a游戏开发与编程系列 |
| 510 | 1 | @aBeginning Math and Physics for Game Programmers@zeng |
| 606 | 0 | @a高等数学@x应用@x游戏@x软件设计 |
| 606 | 0 | @a高等数学 |
| 606 | 0 | @a游戏 |
| 606 | 0 | @a物理学@x应用@x游戏@x软件设计 |
| 606 | 0 | @a软件设计 |
| 690 | @aTP311.11@v4 | |
| 701 | 0 | @c(美)@a斯塔勒@9si ta le@c(女,Stahler, Wendy)@4著 |
| 702 | 0 | @a冯宝坤@9feng bao kun@c(计算机)@4译 |
| 702 | 0 | @a曹英@9cao ying@c(计算机)@4译 |
| 801 | 0 | @aCN@bNLC@c20061101 |
| 905 | @a10447@dTP311.11@e178 | |
| 游戏编程中的数理应用/(美)Wendy Stahler著/冯宝坤,曹英译.-北京:红旗出版社:北京希望电子出版社,2005 |
| 269页;26cm+光盘1片.-(游戏开发与编程系列) |
| ISBN 7-5051-1039-X:CNY45.00 |
| 本书从高等数学和物理知识着手,讲述了2D图形在迪卡尔坐标中的构形与计算,同时涉及一些3D图形图像及其处理方面的知识。对于物理知识部分,主要讲述力与物体运动的关系,速度、加速度、牛顿三定律、动量、冲量和能量守恒定律,以及这些知识在三维空间游戏建模中的应用。 |
| ● |
| 相关链接 |
|
|
|
|
正题名:游戏编程中的数理应用
索取号:TP311.11/178
 
预约/预借
| 序号 | 登录号 | 条形码 | 馆藏地/架位号 | 状态 | 备注 |
| 1 | 0386923 | 203869233 | 第二样本阅览室/ [索取号:TP311.11/178] | 在馆 | |
| 2 | 0386924 | 203869242 | 第三借阅区/ [索取号:TP311.11/178] | 在馆 | |
| 3 | 0386925 | 203869251 | 第三借阅区/ [索取号:TP311.11/178] |
已借出,限还日期为2017.07.26 借出人:汤文学 |
本书有关联资源:
1 .光盘 /ISO :游戏编程中的数理应用 /(美)Wendy Stahler
下载